Important bird areas in Africa and associated Islands: (Record no. 1208)

MARC details
000 -LEADER
fixed length control field 00679nam a22001937a 4500
003 - CONTROL NUMBER IDENTIFIER
control field OSt
005 - DATE AND TIME OF LATEST TRANSACTION
control field 20240514090316.0
008 - FIXED-LENGTH DATA ELEMENTS--GENERAL INFORMATION
fixed length control field 240514b |||||||| |||| 00| 0 eng d
020 ## - INTERNATIONAL STANDARD BOOK NUMBER
International Standard Book Number 1-874357-20-X
040 ## - CATALOGING SOURCE
Original cataloging agency KMU
Language of cataloging eng
Transcribing agency KMU
Modifying agency KMU
Description conventions RDA
050 ## - LIBRARY OF CONGRESS CALL NUMBER
Classification number QL 692.A35
245 ## - TITLE STATEMENT
Title Important bird areas in Africa and associated Islands:
Remainder of title Priority Sites for Conservation/
Statement of responsibility, etc. edited by Lincoln D.C Fishpool and Michael I. Evans.
260 ## - PUBLICATION, DISTRIBUTION, ETC.
Place of publication, distribution, etc. Cambridge:
Name of publisher, distributor, etc. Birdlife International,
Date of publication, distribution, etc. 2001.
300 ## - PHYSICAL DESCRIPTION
Extent xvi, 1144 p.:
Other physical details ill, maps, photos.
Dimensions 32 cm.
410 #0 - SERIES STATEMENT/ADDED ENTRY--CORPORATE NAME [OBSOLETE, CAN/MARC], [LOCAL, USA]
Title of a work Birdlife conservation series
Volume number/sequential designation 11
504 ## - BIBLIOGRAPHY, ETC. NOTE
Bibliography, etc. note Includes an index and references.
650 ## - SUBJECT ADDED ENTRY--TOPICAL TERM
Topical term or geographic name entry element bird species
942 ## - ADDED ENTRY ELEMENTS (KOHA)
Source of classification or shelving scheme Library of Congress Classification
Koha item type Non-Fiction
Suppress in OPAC No
Holdings
Withdrawn status Lost status Source of classification or shelving scheme Damaged status Not for loan Collection Home library Current library Shelving location Date acquired Source of acquisition Total Checkouts Full call number Barcode Date last seen Price effective from Koha item type
    Library of Congress Classification     Non-fiction Kapasa Makasa University Kapasa Makasa University Open Access 14.05.2024 Book Aid International   QL 692.A35 742646 14.05.2024 14.05.2024 Non-Fiction